000
00329nam a22001457a 4500
003
SGT
082
_a
615.538
_b
A12N
100
_a
NAMBURI, U.R.SEKHAR
245
_a
A TEXT BOOK OF AGADA TANTRA
260
_a
VARANASI
_b
CHAUKHAMBHA PUB
_c
2012
300
_a
324
650
_a
AYURVEDA
653
_a
AGADA TANTRA
942
_2
ddc
_c
BK
_0
20
999
_c
8352
_d
8352